000
00322nam a22001337a 4500
008
170721b xxu||||| |||| 00| 0 eng d
020
_a
9780130323965
041
_a
eng
080
_a
004
100
_a
28
101
_a
SHKI
245
_a
INTEGRATING COMPUTER TECHNOLOGY IN THE CLASSROOM
_c
MORRISON, G.R
942
_2
udc
_c
BK
999
_c
21705
_d
21705